Central Library OPAC University of Rajshahi

The valley of Virginia in the American Revolution, 1763-1789 / (Record no. 27934)

MARC details
000 -LEADER
fixed length control field 00832nam a2200253 4500
001 - CONTROL NUMBER
control field 27934
003 - CONTROL NUMBER IDENTIFIER
rucl marc code BD-RjUL
005 - DATE AND TIME OF LATEST TRANSACTION
control field 20211209051223.0
008 - FIXED-LENGTH DATA ELEMENTS--GENERAL INFORMATION
fixed length control field 140329c19711942nyu b 00100 eng
035 ## - SYSTEM CONTROL NUMBER
System control number (BD-RjUL)28015
System control number (BD-RjUL)
040 ## - CATALOGING SOURCE
Original cataloging agency BD-RjUL
Language of cataloging eng
Transcribing agency BD-RjUL
041 ## - LANGUAGE CODE
Language code of text/sound track or separate title eng
082 ## - DEWEY DECIMAL CLASSIFICATION NUMBER
Classification number 975.5902
Author mark and year HAV 1971
100 10 - MAIN ENTRY--PERSONAL NAME
Personal name Hart, Freeman Hansford,
Dates associated with a name 1889-1965.
9 (RLIN) 85679
245 14 - TITLE STATEMENT
Title The valley of Virginia in the American Revolution, 1763-1789 /
Statement of responsibility, etc. Freeman Hansford Hart
260 0# - PUBLICATION, DISTRIBUTION, ETC. (IMPRINT)
Place of publication, distribution, etc. New York :
Name of publisher, distributor, etc. Russell & Russell,
Date of publication, distribution, etc. 1971, c1942
300 ## - PHYSICAL DESCRIPTION
Pagination xii, 223 p. ;
Size 23 cm.
504 ## - BIBLIOGRAPHY, ETC. NOTE
Bibliography, etc Includes index
651 #0 - SUBJECT ADDED ENTRY--GEOGRAPHIC NAME
Geographic name Shenandoah River Valley (Va. and W. Va.)
General subdivision History
Chronological subdivision Revolution, 1775-1783.
9 (RLIN) 85680
Geographic name Virginia
General subdivision History
Chronological subdivision Revolution, 1775-1783.
9 (RLIN) 63277
942 ## - ADDED ENTRY ELEMENTS (KOHA)
Source of classification or shelving scheme Dewey Decimal Classification
Koha item type Books
Holdings
Lost status Source of classification or shelving scheme Damaged status Not for loan Collection code Permanent Location Current Location Shelving location Date acquired Source of acquisition Cost, normal purchase price Total Checkouts Full call number Date last seen Copy number Koha item type
  Dewey Decimal Classification   Added to bundle Non-fiction Central Library, University of Rajshahi Central Library, University of Rajshahi Reading Room 14/06/1994 N/A 0.00   975.5902 HAV 1971 29/03/2014 C-1 Books